Ordinaciones reales de la ciudad de Calatayud / (Record no. 102911)

MARC details
000 -LEADER
campo de control de longitud fija 00892nam a2200217 i 4500
001 - NÚMERO DE CONTROL
campo de control 102911
003 - IDENTIFICADOR DE NÚMERO DE CONTROL
campo de control ES-MaACL
005 - FECHA Y HORA DE LA ÚLTIMA TRANSACCIÓN
campo de control 20230906183219.0
007 - CAMPO FIJO DE DESCRIPCIÓN FÍSICA--INFORMACIÓN GENERAL
campo de control de longitud fija t|
008 - DATOS DE LONGITUD FIJA--INFORMACIÓN GENERAL
campo de control de longitud fija 001115s1683 sp |||| | spa d
100 1# - ENTRADA PRINCIPAL--NOMBRE DE PERSONA
Nombre de persona Franco Clemente, Martin.
9 (RLIN) 52252
245 10 - MENCIÓN DEL TÍTULO
Título Ordinaciones reales de la ciudad de Calatayud /
Mención de responsabilidad, etc. hechas por don Martin Franco Climente ... para la insaculacion general de la dicha ciudad, hecha en el año de 1683...
260 ## - PUBLICACIÓN, DISTRIBUCIÓN, ETC.
Lugar de publicación, distribución, etc. En Calatayud :
Nombre del editor, distribuidor, etc. por Christobal Galvez,
Fecha de publicación, distribución, etc. [1683?]
300 ## - DESCRIPCIÓN FÍSICA
Extensión [4], 50 p. ;
Dimensiones 28 cm.
500 ## - NOTA GENERAL
Nota general Port. con orla tip. y esc. xilogr. de la ciudad.
500 ## - NOTA GENERAL
Nota general Año tomado del título en port.
530 ## - NOTA DISPONIBLE DE FORMULARIO FÍSICO ADICIONAL
Nota de formato físico adicional disponible Disponible en formato digital.
651 #4 - PUNTO DE ACCESO ADICIONAL DE MATERIA--NOMBRE GEOGRÁFICO
Nombre geográfico Calatayud-
Subdivisión general Historia.
9 (RLIN) 156865
852 ## - LOCALIZACIÓN
Ubicación ES-MaACL
Número de control de estantería R-3405
856 ## - LOCALIZACIÓN Y ACCESO ELECTRÓNICOS
Identificador Uniforme de Recursos <a href="https://bvpb.mcu.es/es/consulta/registro.do?id=577775 ">https://bvpb.mcu.es/es/consulta/registro.do?id=577775 </a>
Nota pública Biblioteca Virtual del Patrimonio Bibliográfico
Holdings
Estatus retirado Estado de pérdida Estado de daño No para préstamo Colección Biblioteca de origen Biblioteca actual Ubicación en estantería Fecha de adquisición Fuente de adquisición Total de préstamos Signatura topográfica completa Código de barras Visto por última vez Precio de reemplazo Tipo de ítem Koha
        Colección digital Biblioteca del Ateneo de Madrid Biblioteca del Ateneo de Madrid Depósito 17/01/2008     R-3405 1107446 23/02/2023 23/02/2023 Libro impreso antiguo